000 01120naa a2200265 c 4500
001 28503
003 ES-MaCES
005 19981124140800.0
008 961118n1996 sp ||| | spa d
035 _aCES19980024411v
040 _aES-MaCES
_bspa
_cES-MaCES
100 1 _aNavarro Nieto, Federico
_919531
245 1 0 _aAspectos problemáticos en la cobertura negocial de materias reguladas por laudo tras la derogación de la Ordenanza
_b: el supuesto de una ordenación por acuerdo de empresa en el ámbito de la minería del carbón
_cFederico Navarro Nieto y Pedro Gómez Caballero
650 4 _aEspaña
_926964
650 4 _aacuerdo colectivo de empresa
_931121
650 4 _aconvenio colectivo
_928361
650 4 _aconflicto de trabajo
_928367
650 4 _aexplotación minera
_927815
653 1 0 _aRelaciones laborales-Empleo
700 1 _aGómez Caballero, Pedro
_913589
773 0 _tRelaciones laborales
_gLas Rozas, Madrid. - Año 12, n. 18 (23 sept. 1996) ; p. 109-117
_w(ES-MaCES)25210
902 _aART Artículo de revista
942 _2CES
_cAR
_h2.0.
999 _c28503
_d28503